United States government manual summer 1943

Furkejuvvon:
Bibliográfalaš dieđut
Searvvušdahkki: Division of Public Inquiries Office of War Information (Dahkki)
Materiálatiipa: Girji
Giella:eaŋgalasgiella
Almmustuhtton: Washington, D.C Division of Public Inquiries Office of War Information 1943
Fáttát:
Fáddágilkorat: Lasit fáddágilkoriid
Eai fáddágilkorat, Lasit vuosttaš fáddágilkora!

MARC

LEADER 00000nam a2200000 a 4500
001 UCT9766
003 CL-VaPUC
008 970411e19430000US |||||||||||||||||eng|d
082 0 4 |a 342.73  |b DIV  |2 21 
110 2 |a Division of Public Inquiries Office of War Information  |e author  |9 382754 
245 1 0 |a United States government manual summer 1943 
300 |a 707 p 
942 |c BK 
945 |d 19970411 00:00:00  |a paguirre 
260 |a Washington, D.C  |b Division of Public Inquiries Office of War Information  |c 1943 
500 |a Revisions through May 15 
650 0 |a Poder ejecutivo  |9 255177 
650 0 |a Poder legislativo  |9 258808 
650 0 |a Poder judicial  |9 254871 
650 0 |a Constituciones  |9 255417 
650 7 |a PRESIDENCIA  |2 CL-VaPUC  |9 341215 
650 0 |a Guerra  |9 255876 
650 7 |a GUERRA MUNDIAL  |2 CL-VaPUC  |9 346688 
651 0 |a Estados Unidos  |9 255178 
583 |a last modification  |c 19970411 00:00:00  |k Rodrigo Vera 
999 |c 258145  |d 258143 
952 |0 0  |1 0  |4 0  |6 342_730000000000000_DIV_1943  |7 0  |8 A  |9 281986  |a BIBDER  |b BIBDER  |d 2019-11-19  |i 1829831  |o 342.73 DIV 1943  |p 1829831  |r 2023-01-25  |w 2019-11-19  |y BK  |k DER